000 00764nam a2200217Ia 4500
003 GCL
008 140319s9999 xx 000 0 ara d
040 _aGCL /
_cGCL
082 0 4 _a191
_bف ص
100 1 _aفؤاد زكريا
245 1 0 _aالصحوة الاسلامية فى ميزان العقل /
_cفؤاد زكريا
260 _a[S.N] :
_b2000 للثقافة والنشر ،
_c1989
300 _a207 ص
490 _aالسلسلة الشعرية الثانية
_v0
650 0 4 _aالاسلام
650 0 4 _aالاسلام والاصلاح الاجتماعى
650 0 4 _aالتاريخ الاسلامى
650 0 4 _aالاسلام والاصلاح الدينى
650 0 4 _aالاسلام والاصلاح السياسى
942 _2ddc
_cBK
999 _c30821
_d30821